| 000 | 00942nam a2200229Ia 4500 | ||
|---|---|---|---|
| 005 | 20240530110208.0 | ||
| 008 | 140319s9999 xx 000 0 ara d | ||
| 040 |
_aGCL / _cGCL |
||
| 082 | 0 | 4 |
_aم _b413 / _bا ل |
| 100 | 1 | _aابن منظور | |
| 245 | 1 | 0 |
_a لسان العرب لابن منظور / _cتاليف ابن منظور محقق عبدالله على الكبير ، محمد احمد حسب الله ، هاشم محمد الشاذلى |
| 260 |
_aالقاهرة : _bدار المعارف، _cد . ت |
||
| 300 |
_aمتعدد ، _b30 سم |
||
| 500 | _aيحتوى على 6 مجلدات + 3 فهارس | ||
| 650 | 0 | 4 | _aالادب العربى |
| 650 | 0 | 4 | _aالفهارس |
| 700 | 1 |
_aمحمد احمد حسب الله _eمحقق |
|
| 700 | 1 |
_aهاشم محمد الشاذلى _eمحقق |
|
| 700 | 1 |
_aعبدالله على الكبير _eمحقق |
|
| 942 |
_2ddc _cBK |
||
| 999 |
_c59320 _d59320 |
||